[Event "Green Bay Packers Super Bowl XLV Champ Tourney"]
[Site "SchemingMind.com"]
[Date "2011.02.27"]
[Round "-"]
[White "cnile"]
[Black "lennart"]
[Result "1-0"]
[WhiteCountry "SCO"]
[BlackCountry "SWE"]
[WhiteElo "1459"]
[WhiteRD "63"]
[BlackElo "1506"]
[BlackRD "51"]
[GameID "277010"]

1. d4 d5 2. Nf3 Nc6 3. Bf4 h6 4. h3 Be6 5. e3 g5 6. Bh2 Bf5 7. Nc3 e6 8. Nb5 f6 9. Nxc7+ Kf7 10. Nxa8 Qxa8
11. c3 Bg7 12. Be2 Nge7 13. O-O Rd8 14. Bc7 Rd7 15. Bg3 a6 16. Qb3 b5 17. Rac1 Be4 18. Nd2 Bf5 19. Bh5+ Kg8 20. Bh2 e5
21. dxe5 fxe5 22. e4 Be6 23. Nf3 a5 24. Qxb5 Rb7 25. Qe2 d4 26. cxd4 Bxa2 27. Bxe5 Nxe5 28. Nxe5 Rb6 29. Ra1 Be6 30. Rfc1 Qb8
31. Qf3 Bxe5 32. d5 Qf8 33. Qxf8+ Kxf8 34. dxe6 Rxe6 35. Rxa5 Bxb2 36. Ra8+ Kg7 37. Rb1 Bf6 38. f3
1-0

[Event "Green Bay Packers Super Bowl XLV Champ Tourney"]
[Site "SchemingMind.com"]
[Date "2011.02.26"]
[Round "-"]
[White "PeterLiberty"]
[Black "lennart"]
[Result "1-0"]
[WhiteCountry "USA"]
[BlackCountry "SWE"]
[WhiteElo "1512"]
[WhiteRD "61"]
[BlackElo "1528"]
[BlackRD "55"]
[GameID "277011"]

1. e4 e5 2. Nf3 d6 3. d4 Nf6 4. dxe5 Nxe4 5. Qd5 Nc5 6. Bg5 Be7 7. exd6 cxd6 8. Bb5+ Ncd7 9. Nc3 O-O 10. O-O Nb6
11. Bxe7 Qxe7 12. Qe4 Qd8 13. Rad1 Be6 14. Ne5 d5 15. Qd4 a6 16. Be2 f6 17. Nf3 Nc6 18. Qe3 Re8 19. Nd4 Nxd4 20. Qxd4 Qc7
21. Rfe1 Kh8 22. Bf3 Qc4 23. Qxb6 Rac8 24. Bxd5
1-0

[Event "Green Bay Packers Super Bowl XLV Champ Tourney"]
[Site "SchemingMind.com"]
[Date "2011.02.26"]
[Round "-"]
[White "Olli Ylönen"]
[Black "lennart"]
[Result "1-0"]
[WhiteCountry "FIN"]
[BlackCountry "SWE"]
[WhiteElo "1640"]
[WhiteRD "55"]
[BlackElo "1528"]
[BlackRD "55"]
[GameID "277012"]

1. e4 e5 2. Nf3 d6 3. d4 Nd7 4. Bc4 h6 5. dxe5 Nc5 6. O-O Bg4 7. Qd5 Be6 8. Bb5+ c6 9. Bxc6+ bxc6 10. Qxc6+ Nd7
11. exd6 Rc8 12. Qb7 Bxd6 13. Qxa7 Ne7 14. Rd1 Rxc2 15. Nd4 Rc7 16. Nxe6 fxe6 17. Qa4 Nc8 18. Nc3 Be5 19. Nb5 Ncb6 20. Nxc7+ Bxc7
21. Qc6 O-O 22. Qxe6+ Kh8 23. Bxh6 Rf6 24. Bxg7+ Kxg7 25. Qg4+ Kf7 26. e5 Bxe5 27. Qh5+ Ke7 28. Re1 Qf8 29. Rxe5+ Re6 30. Rxe6+
1-0

[Event "Green Bay Packers Super Bowl XLV Champ Tourney"]
[Site "SchemingMind.com"]
[Date "2011.02.26"]
[Round "-"]
[White "badpawn"]
[Black "lennart"]
[Result "1-0"]
[WhiteCountry "SWE"]
[BlackCountry "SWE"]
[WhiteElo "1612"]
[WhiteRD "74"]
[BlackElo "1528"]
[BlackRD "55"]
[GameID "277013"]

1. c4 e5 2. Nc3 Nf6 3. g3 c6 4. Bg2 Bd6 5. e4 O-O 6. d3 a6 7. Nge2 Be7 8. O-O b5 9. a3 a5 10. cxb5 cxb5
11. Nxb5 Ba6 12. Qa4 Nc6 13. Nec3 Nd4 14. Nxd4 Bxd3 15. Nf5 Bxf1 16. Nxe7+ Qxe7 17. Bxf1 h6 18. Be3 Kh7 19. Bg2 Ng8 20. Nd5 Qe6
21. Nc7
1-0

[Event "Green Bay Packers Super Bowl XLV Champ Tourney"]
[Site "SchemingMind.com"]
[Date "2011.03.10"]
[Round "-"]
[White "Timaeus"]
[Black "jtrochez1"]
[Result "1/2-1/2"]
[WhiteCountry "JPN"]
[BlackCountry "HON"]
[WhiteElo "1416"]
[WhiteRD "65"]
[BlackElo "1616"]
[BlackRD "50"]
[GameID "277702"]

1. e4 e5 2. Nf3 Nc6 3. d4 d6 4. dxe5 Bg4 5. exd6 Bxd6 6. Nc3 Nge7 7. h3 Bh5 8. Be2 Ne5 9. Nxe5 Bxe2 10. Qxe2 Bxe5
11. Bd2 c6 12. O-O-O Qc7 13. Rhf1 O-O 14. f4 Bd4 15. e5 Rad8 16. g4 Nd5 17. Qd3 Nxc3 18. Bxc3 Bxc3 19. Qxc3 Rxd1+ 20. Rxd1 Rd8
21. Rxd8+ Qxd8 22. f5 Qg5+ 23. Kb1 Qf4 24. Qe1 h6 25. a3 Qc4 26. e6 fxe6 27. fxe6 Kf8 28. Qf2+ Kg8 29. Qf7+ Kh7 30. Qf5+ Kg8
31. e7 Qf7 32. Qc8+ Kh7 33. e8=Q Qf1+ 34. Ka2 Qc4+ 35. Ka1 Qf1+ 36. Ka2 Qc4+ 37. Kb1 Qf1+ 38. Ka2 Qc4+ 39. Ka1 Qf1+=
1/2-1/2

[Event "Green Bay Packers Super Bowl XLV Champ Tourney"]
[Site "SchemingMind.com"]
[Date "2011.03.11"]
[Round "-"]
[White "Timaeus"]
[Black "cnile"]
[Result "0-1"]
[WhiteCountry "JPN"]
[BlackCountry "SCO"]
[WhiteElo "1433"]
[WhiteRD "64"]
[BlackElo "1450"]
[BlackRD "57"]
[GameID "277703"]

1. a3 c5 2. e4 Nc6 3. Bc4 e6 4. d3 Nf6 5. Nc3 d5 6. exd5 exd5 7. Bb5 Bd7 8. Bg5 a6 9. Bxc6 Bxc6 10. Qe2+ Qe7
11. O-O-O Qxe2 12. Ngxe2 O-O-O 13. d4 c4 14. Rhe1 h6 15. Bf4 b5 16. b3 Bxa3+ 17. Kd2 Bb4 18. Ra1 Ne4+ 19. Ke3 Nxc3 20. Rxa6 Nxe2
21. Rxc6+ Kb7 22. Rc7+ Kb6 23. Rxe2 Rhe8+ 24. Kf3 Rxe2 25. Kxe2 Re8+ 26. Be3 Kxc7 27. f3 Bc3 28. g4 Bxd4 29. bxc4 bxc4 30. Kd2 Rxe3
31. f4 Rh3 32. f5 Kd6 33. Kd1 Ke5 34. Kc1 Rxh2 35. Kb1 Bc3
0-1

[Event "Green Bay Packers Super Bowl XLV Champ Tourney"]
[Site "SchemingMind.com"]
[Date "2011.03.10"]
[Round "-"]
[White "Timaeus"]
[Black "lennart"]
[Result "1-0"]
[WhiteCountry "JPN"]
[BlackCountry "SWE"]
[WhiteElo "1416"]
[WhiteRD "65"]
[BlackElo "1516"]
[BlackRD "54"]
[GameID "277704"]

1. d4 d5 2. h3 e6 3. Nc3 Bb4 4. Nf3 Ne7 5. e3 O-O 6. Bd2 c5 7. Qe2 a6 8. a3 Ba5 9. dxc5 Bc7 10. O-O-O Nd7
11. Na4 b5 12. Nb6 Nxb6 13. cxb6 Bxb6 14. Bb4 a5 15. Bxe7 Qxe7 16. Qxb5 Bd8 17. Nd4 Ba6 18. Qc6 Bb7 19. Qc3 Rc8 20. Qb3 Ba8
21. Ba6 Rc5 22. f4 e5 23. Nf5 Qe6 24. Bd3 e4 25. Nd4 Qb6 26. Bb5 Bf6 27. a4 Bxd4 28. Rxd4 Rd8 29. f5 f6 30. g4 h6
31. h4 Rd6 32. c3 Bc6 33. Rh2 Bxb5 34. axb5 Rxb5 35. Qc2 Rb3 36. Qd1 Qb5 37. Rc2 a4 38. c4 Qc5 39. Kd2 Qb4+ 40. Kc1 a3
41. cxd5 axb2+ 42. Rxb2 Qc3+ 43. Rc2 Qa1+ 44. Kd2 Rd3+ 45. Rxd3 Qxd1+ 46. Kxd1 exd3 47. Rc5 Kf7 48. Kd2 h5 49. gxh5 Kg8 50. Kxd3 Kh7
51. Kd4
1-0

[Event "Green Bay Packers Super Bowl XLV Champ Tourney"]
[Site "SchemingMind.com"]
[Date "2011.03.09"]
[Round "-"]
[White "Timaeus"]
[Black "PeterLiberty"]
[Result "0-1"]
[WhiteCountry "JPN"]
[BlackCountry "USA"]
[WhiteElo "1398"]
[WhiteRD "68"]
[BlackElo "1505"]
[BlackRD "64"]
[GameID "277705"]

1. Nf3 c5 2. d4 cxd4 3. Nxd4 d5 4. Bf4 Nd7 5. Nc3 e5 6. Bxe5 Nxe5 7. a3 Nf6 8. f4 Nc4 9. h3 Bc5 10. e3 Nxe3
11. Qd3 Qe7 12. Nf5 Nxf5+ 13. Qe2 Qxe2+ 14. Bxe2 Ng3 15. Bb5+ Bd7 16. Bxd7+ Kxd7 17. Rh2 Rae8+ 18. Kd2 Nfe4+ 19. Kd3 Nf2+ 20. Kd2 d4
21. Na4 Re2+ 22. Kc1 Re1+ 23. Kd2 Rxa1 24. Nxc5+ Kc6 25. Nd3 Rd1#
0-1

[Event "Green Bay Packers Super Bowl XLV Champ Tourney"]
[Site "SchemingMind.com"]
[Date "2011.03.11"]
[Round "-"]
[White "Timaeus"]
[Black "Olli Ylönen"]
[Result "1-0"]
[WhiteCountry "JPN"]
[BlackCountry "FIN"]
[WhiteElo "1398"]
[WhiteRD "68"]
[BlackElo "1607"]
[BlackRD "51"]
[GameID "277706"]

1. c4 e5 2. e4 Nf6 3. d3 Bc5 4. Be3 Bxe3 5. fxe3 d6 6. Nc3 Ng4 7. Qd2 Nc6 8. O-O-O f5 9. exf5 Bxf5 10. e4 Bg6
11. Nf3 Qd7 12. h3 Nf6 13. g4 h6 14. Rg1 O-O-O 15. g5 hxg5 16. Rxg5 Bh5 17. Be2 Bxf3 18. Bxf3 Rxh3 19. Qg2 Rg8 20. Bg4 Nxg4
21. Qxh3 Nf2 22. Qh7 Nxd1 23. Qxg8+ Qd8 24. Qxd8+ Kxd8 25. Kxd1
1-0

[Event "Green Bay Packers Super Bowl XLV Champ Tourney"]
[Site "SchemingMind.com"]
[Date "2011.03.11"]
[Round "-"]
[White "Timaeus"]
[Black "badpawn"]
[Result "0-1"]
[WhiteCountry "JPN"]
[BlackCountry "SWE"]
[WhiteElo "1398"]
[WhiteRD "68"]
[BlackElo "1644"]
[BlackRD "72"]
[GameID "277707"]

1. e4 e5 2. d4 exd4 3. Qxd4 Nc6 4. Qd1 Nf6 5. Bf4 Bc5 6. Bc4 O-O 7. Nc3 Re8 8. Qd3 Nb4 9. Qd2 Nxe4 10. Bxf7+ Kxf7
11. Qd1 Nxc3+
0-1

[Event "Green Bay Packers Super Bowl XLV Champ Tourney"]
[Site "SchemingMind.com"]
[Date "2011.03.09"]
[Round "-"]
[White "jtrochez1"]
[Black "Timaeus"]
[Result "1-0"]
[WhiteCountry "HON"]
[BlackCountry "JPN"]
[WhiteElo "1616"]
[WhiteRD "50"]
[BlackElo "1416"]
[BlackRD "65"]
[GameID "277708"]

1. e4 d5 2. exd5 c6 3. dxc6 Nxc6 4. Nf3 e5 5. Be2 Nf6 6. O-O Bc5 7. h3 Bxh3 8. gxh3 O-O 9. d3 Nd4 10. Nxd4 Bxd4
11. c3 Bc5 12. b4 Bb6 13. a4 a5 14. b5 h6 15. Nd2 Rc8 16. Nc4 Re8 17. Nxb6 Qxb6 18. Be3 Qc7 19. c4 Rcd8 20. b6 Qd7
21. Kh2 e4 22. d4 Qd6+ 23. Kh1 Qe6 24. Kh2 Qxb6 25. Rg1 Qd6+ 26. Kh1 Nh7 27. d5 f6 28. Qb3 Re7 29. c5 Qxd5 30. Bc4 Qxc4
31. Qxc4+ Kh8 32. Rad1 Rxd1 33. Rxd1 g5 34. Rd8+
1-0

[Event "Green Bay Packers Super Bowl XLV Champ Tourney"]
[Site "SchemingMind.com"]
[Date "2011.03.09"]
[Round "-"]
[White "cnile"]
[Black "Timaeus"]
[Result "1-0"]
[WhiteCountry "SCO"]
[BlackCountry "JPN"]
[WhiteElo "1442"]
[WhiteRD "58"]
[BlackElo "1416"]
[BlackRD "65"]
[GameID "277709"]

1. e4 e5 2. Nf3 d6 3. Bc4 Bg4 4. Nc3 Nf6 5. h3 Bh5 6. d4 exd4 7. Qxd4 Nc6 8. Qd1 Qe7 9. Qd3 O-O-O 10. Bg5 Ne5
11. Nxe5 dxe5 12. Nd5 Qd6 13. O-O c6 14. Bxf6 gxf6 15. g4 Rg8 16. Ne3 Qb4 17. Qb3 Rd2 18. Bxf7 Bxf7 19. Qxf7 Rg5 20. Qxf6 Be7
21. Qh8+ Rd8 22. Qxh7 Rgg8 23. b3 Rh8 24. Qf5+ Rd7 25. Rfd1 Rd8 26. Qe6 Bd6 27. Nc4 Qc3 28. Nxd6+ Kc7 29. Ne8+ Kc8 30. Nd6+ Kc7
31. Ne8+ Kb8 32. Rxd7 Qxa1+ 33. Kg2 Rxd7 34. Qxd7 a6 35. Nd6
1-0

[Event "Green Bay Packers Super Bowl XLV Champ Tourney"]
[Site "SchemingMind.com"]
[Date "2011.03.09"]
[Round "-"]
[White "lennart"]
[Black "Timaeus"]
[Result "1-0"]
[WhiteCountry "SWE"]
[BlackCountry "JPN"]
[WhiteElo "1506"]
[WhiteRD "51"]
[BlackElo "1398"]
[BlackRD "68"]
[GameID "277710"]

1. e4 Nc6 2. d3 e5 3. Nf3 Bd6 4. Be2 Nf6 5. O-O Qe7 6. Nc3 h6 7. Nd5 Nxd5 8. exd5 Nd4 9. Nxd4 exd4 10. Re1 Bxh2+
11. Kxh2 Qd6+ 12. Kg1 Qxd5 13. Bf3+ Qe6 14. Rxe6+ dxe6 15. c4 dxc3 16. bxc3 O-O 17. Ba3 Re8 18. Qe1 c6 19. Rb1 Bd7 20. Rxb7 Bc8
21. Rb4 a5 22. Rh4 Bb7 23. Bc1 Red8 24. d4 Rd7 25. Be3 c5 26. Bxb7 Rxb7 27. dxc5 Rc7 28. Kh2 Rd8 29. c4 g5 30. Rxh6 Kg7
31. Bxg5 Rxc5 32. Qa1+ e5 33. Qb1 e4 34. Qb2+ Kf8 35. Qh8#
1-0

[Event "Green Bay Packers Super Bowl XLV Champ Tourney"]
[Site "SchemingMind.com"]
[Date "2011.03.09"]
[Round "-"]
[White "PeterLiberty"]
[Black "Timaeus"]
[Result "1-0"]
[WhiteCountry "USA"]
[BlackCountry "JPN"]
[WhiteElo "1488"]
[WhiteRD "65"]
[BlackElo "1416"]
[BlackRD "65"]
[GameID "277711"]

1. e4 Nc6 2. d4 e5 3. dxe5 Nxe5 4. Nf3 Nxf3+ 5. Qxf3 d6 6. Bc4 Be6 7. Bxe6 fxe6 8. Nc3 d5 9. exd5 exd5 10. Qe2+ Ne7
11. Bg5 Qd6 12. O-O-O c6 13. g3 O-O-O 14. Bxe7 Bxe7 15. Qg4+ Kb8 16. Rd2 Qg6 17. Qxg6 hxg6 18. Re1 d4 19. Rxe7 dxc3 20. Rxd8+ Rxd8
21. bxc3 Rg8 22. Kb2 a6 23. f4 Ka7 24. a4 Kb6 25. Kb3 Kc5 26. Re5+ Kb6 27. Kb4 Rd8 28. Re2 c5+ 29. Kb3 Ka5 30. c4 Rd6
31. h4 Rb6+ 32. Ka3 Rb4 33. Re5 Rxa4+ 34. Kb3 Rb4+ 35. Kc3 b6 36. g4 Rb1 37. Rg5 Rf1 38. f5 Rf3+ 39. Kb2 Rf4 40. Rxg6 Rxc4
41. c3 b5 42. Rxg7 b4 43. cxb4+ cxb4 44. f6 Rf4 45. f7 Rf2+ 46. Kc1 b3 47. Rg5+ Ka4 48. Rf5 Rc2+ 49. Kb1 Rc8 50. f8=Q Rxf8
51. Rxf8 Ka3 52. Rb8 a5 53. h5 b2 54. Rxb2 a4 55. Ra2+
1-0

[Event "Green Bay Packers Super Bowl XLV Champ Tourney"]
[Site "SchemingMind.com"]
[Date "2011.03.11"]
[Round "-"]
[White "Olli Ylönen"]
[Black "Timaeus"]
[Result "1-0"]
[WhiteCountry "FIN"]
[BlackCountry "JPN"]
[WhiteElo "1607"]
[WhiteRD "51"]
[BlackElo "1398"]
[BlackRD "68"]
[GameID "277712"]

1. e4 e5 2. Nf3 d6 3. d4 Nc6 4. dxe5 dxe5 5. Qxd8+ Nxd8 6. Nxe5 f5 7. exf5 Bxf5 8. Nc3 Bb4 9. Bd2 Bxc2 10. a3 Bd6
11. Bd3 Bxe5 12. Bxc2 Nc6 13. Ba4 O-O-O 14. Bxc6 bxc6 15. O-O-O Nf6 16. f4 Bxc3 17. Bxc3 Rd7 18. Bxf6 gxf6 19. Rxd7 Kxd7 20. Rd1+ Kc8
21. Kc2 Re8 22. Rd2 c5 23. Kc3 Re4 24. g3 f5 25. b4 cxb4+ 26. axb4 Re3+ 27. Rd3 Re2 28. Rd2 Re6 29. Rd5 Rc6+ 30. Rc5 Kd7
31. Kd4 Kd6 32. Rxf5 Kd7 33. Rf7+
1-0

[Event "Green Bay Packers Super Bowl XLV Champ Tourney"]
[Site "SchemingMind.com"]
[Date "2011.03.09"]
[Round "-"]
[White "badpawn"]
[Black "Timaeus"]
[Result "1-0"]
[WhiteCountry "SWE"]
[BlackCountry "JPN"]
[WhiteElo "1705"]
[WhiteRD "66"]
[BlackElo "1416"]
[BlackRD "65"]
[GameID "277713"]

1. c4 e5 2. Nc3 Nc6 3. g3 d6 4. Bg2 Bf5 5. e4 Bg6 6. Nge2 Nf6 7. d3 Be7 8. O-O O-O 9. f4 Bh5 10. Qd2 Nd4
11. Nxd4 exd4 12. Nd5 Ng4 13. f5 Bg5 14. Qxg5 Qxg5 15. Bxg5 f6 16. Bf4 Rf7 17. h3 Ne5 18. g4 Bxg4 19. hxg4 Nxd3 20. b3 c6
21. Rad1 Nxf4 22. Rxf4 cxd5 23. exd5 a5 24. Rfxd4 b6 25. Re4 h6 26. Re6 Rd8 27. Rde1 Kf8 28. a3 g5 29. b4 axb4 30. axb4 Kg7
31. Re7 Rc8 32. Rxf7+ Kxf7 33. Rc1 b5 34. c5 Ke7 35. cxd6+ Kd7 36. Rxc8 Kxc8 37. Bf1 Kd7 38. Bxb5+ Kxd6 39. Bc6 Kc7 40. b5 Kd6
41. b6 Ke5 42. b7 Kf4 43. b8=Q+ Kxg4 44. d6 Kxf5 45. d7 Kg6 46. d8=Q g4 47. Qg8+ Kh5 48. Qh2#
1-0

[Event "Green Bay Packers Super Bowl XLV Champ Tourney"]
[Site "SchemingMind.com"]
[Date "2011.03.08"]
[Round "-"]
[White "pclaxton"]
[Black "jtrochez1"]
[Result "0-1"]
[WhiteCountry "ENG"]
[BlackCountry "HON"]
[WhiteElo "1351"]
[WhiteRD "57"]
[BlackElo "1606"]
[BlackRD "52"]
[GameID "277796"]

1. d4 d5 2. Nc3 e6 3. e3 a6 4. f4 Nc6 5. g3 Bb4 6. Bd2 Nf6 7. Bd3 Bd7 8. Nf3 h6 9. a3 Be7 10. O-O Na7
11. Ne5 O-O 12. Ne2 Nc6 13. Nxc6 Bxc6 14. c4 dxc4 15. Bxc4 Nd5 16. Ba5 Nxe3 17. Qd3 Nxf1 18. Rxf1 b5 19. Bb3 Bd6 20. Bc2 f5
21. g4 Be4 22. Qc3 Bxc2 23. Qxc2 Qd7 24. h3 Rac8 25. Qb3 Kh7 26. Nc3 c6 27. Re1 Bxf4 28. Rxe6 Qxd4+ 29. Kf1 fxg4 30. Ne2 Bc7+
31. Kg2 Qf2+ 32. Kh1 Qh2#
0-1

[Event "Green Bay Packers Super Bowl XLV Champ Tourney"]
[Site "SchemingMind.com"]
[Date "2011.03.07"]
[Round "-"]
[White "pclaxton"]
[Black "cnile"]
[Result "1-0"]
[WhiteCountry "ENG"]
[BlackCountry "SCO"]
[WhiteElo "1302"]
[WhiteRD "53"]
[BlackElo "1442"]
[BlackRD "58"]
[GameID "277797"]

1. e4 c5 2. d4 cxd4 3. Qxd4 Nc6 4. Qe3 Nb4 5. Qc3 Qa5 6. a3 e6 7. Kd1 Nf6 8. f3 Nc6 9. Qxa5 Nxa5 10. Bd2 Nc6
11. Nc3 Bc5 12. Bf4 O-O 13. Nge2 d5 14. Nb5 Bb6 15. Bg5 Nd7 16. b3 dxe4 17. fxe4 a6 18. Nd6 Nc5 19. Nc4 f6 20. Be3 Ba7
21. b4 Nxe4 22. Ke1 Bxe3 23. Nxe3 e5 24. Ng3 Nxg3 25. hxg3 Bg4 26. Nxg4 Nd4 27. Rc1 Rac8 28. c3 Nf5 29. Rh3 Rfd8 30. Nf2 b5
31. Bd3 Ne3 32. Rh2 Nc4 33. Rd1 h6 34. Bxc4+ Kh8 35. Be6
1-0

[Event "Green Bay Packers Super Bowl XLV Champ Tourney"]
[Site "SchemingMind.com"]
[Date "2011.03.09"]
[Round "-"]
[White "pclaxton"]
[Black "Timaeus"]
[Result "0-1"]
[WhiteCountry "ENG"]
[BlackCountry "JPN"]
[WhiteElo "1351"]
[WhiteRD "57"]
[BlackElo "1398"]
[BlackRD "68"]
[GameID "277798"]

1. e4 e5 2. Nf3 Nc6 3. c4 d6 4. d3 f5 5. Bg5 Be7 6. Bxe7 Ngxe7 7. Be2 f4 8. g3 Bh3 9. Bf1 Bg4 10. h3 Bxf3
11. Qxf3 Nd4 12. Qd1 f3 13. Nd2 O-O 14. Nxf3 Nxf3+ 15. Ke2 Nc6 16. Bg2 Ncd4+ 17. Ke3 Qg5#
0-1

[Event "Green Bay Packers Super Bowl XLV Champ Tourney"]
[Site "SchemingMind.com"]
[Date "2011.03.07"]
[Round "-"]
[White "pclaxton"]
[Black "lennart"]
[Result "0-1"]
[WhiteCountry "ENG"]
[BlackCountry "SWE"]
[WhiteElo "1351"]
[WhiteRD "57"]
[BlackElo "1506"]
[BlackRD "51"]
[GameID "277799"]

1. e4 e5 2. Nf3 Nc6 3. c4 Nf6 4. d3 Bb4+ 5. Bd2 Bc5 6. b4 Bf8 7. b5 Nd4 8. Nxe5 d6 9. Nf3 Nxf3+ 10. Qxf3 b6
11. Nc3 Bb7 12. O-O-O a6 13. a4 axb5 14. cxb5 Be7 15. Be2 O-O 16. Kc2 c6 17. Ra1 Qc8 18. Bg5 c5 19. g3 h6 20. Bf4 Qe6
21. Qe3 Ng4 22. Bxg4 Qxg4 23. h3 Qe6 24. g4 f6 25. Rhg1 Kf7 26. h4 Ke8 27. g5 fxg5 28. hxg5 h5 29. Rh1 Rh8 30. Rh2 Bc8
31. Rah1 g6 32. Nd5 Rxa4 33. Nc7+ Kd7 34. Nxe6 Kxe6 35. d4 Bd7 36. d5+ Kf7 37. Qb3 Rha8 38. Rf1 Rb4 39. Qf3 Ke8 40. Qc3 Rxe4
41. Be3 Bf5 42. Kd2 Ra2+ 43. Kd3 Rh4#
0-1

[Event "Green Bay Packers Super Bowl XLV Champ Tourney"]
[Site "SchemingMind.com"]
[Date "2011.03.07"]
[Round "-"]
[White "pclaxton"]
[Black "PeterLiberty"]
[Result "1-0"]
[WhiteCountry "ENG"]
[BlackCountry "USA"]
[WhiteElo "1351"]
[WhiteRD "57"]
[BlackElo "1505"]
[BlackRD "64"]
[GameID "277800"]

1. e4 c5 2. d3 Nc6 3. Nf3 g6 4. c4 Bg7 5. Nc3 d6 6. g3 Nf6 7. Bg5 O-O 8. h3 e6 9. g4 Qa5 10. Bg2 Nd7
11. O-O Bxc3 12. bxc3 Qxc3 13. Rc1 Qg7 14. d4 f6 15. Bf4 e5 16. Be3 cxd4 17. Bd2 Nb6 18. c5 dxc5 19. Rxc5 Be6 20. Qe2 Qf7
21. Bh6 Rfd8 22. g5 f5 23. Nxe5 Nxe5 24. Rxe5 Bc4 25. Qb2 Bxf1 26. Bxf1 d3 27. Qb4 d2 28. Re7 Qxe7 29. Qxe7 Rd7 30. Bc4+
1-0

[Event "Green Bay Packers Super Bowl XLV Champ Tourney"]
[Site "SchemingMind.com"]
[Date "2011.03.11"]
[Round "-"]
[White "pclaxton"]
[Black "Olli Ylönen"]
[Result "0-1"]
[WhiteCountry "ENG"]
[BlackCountry "FIN"]
[WhiteElo "1351"]
[WhiteRD "57"]
[BlackElo "1607"]
[BlackRD "51"]
[GameID "277801"]

1. e4 e5 2. Nf3 Nf6 3. Nxe5 d6 4. Nc4 Nxe4 5. d3 Nf6 6. f3 d5 7. Ncd2 d4 8. c3 Nc6 9. Nb3 dxc3 10. bxc3 Be7
11. Ba3 O-O 12. Qe2 Bxa3 13. Nxa3 Re8 14. Qxe8+ Qxe8+ 15. Be2 Bf5 16. Kd2 a6 17. Nc5 b6 18. Na4 Rd8 19. Nb2 h5 20. h3 h4
21. Nac4 b5 22. Ne3 Qd7 23. c4 bxc4 24. Nbxc4 Bxd3 25. Bxd3 Qxd3+ 26. Ke1 Nd4 27. Kf2 Qe2+ 28. Kg1 Nxf3+ 29. gxf3 Qxf3 30. Rf1 Qg3+
31. Ng2 Ne4 32. Ne3 Rd2 33. a4 Re2 34. Nf5 Qxg2#
0-1

[Event "Green Bay Packers Super Bowl XLV Champ Tourney"]
[Site "SchemingMind.com"]
[Date "2011.03.07"]
[Round "-"]
[White "pclaxton"]
[Black "badpawn"]
[Result "0-1"]
[WhiteCountry "ENG"]
[BlackCountry "SWE"]
[WhiteElo "1302"]
[WhiteRD "53"]
[BlackElo "1705"]
[BlackRD "66"]
[GameID "277802"]

1. e4 e5 2. Nf3 Nc6 3. c4 Nf6 4. d3 Bc5 5. Be3 Nd4 6. Nc3 d6 7. Bxd4 Bxd4 8. Nxd4 exd4 9. Ne2 c5 10. f3 O-O
11. g3 Qa5+ 12. Qd2 Qc7 13. O-O-O b5 14. Kb1 bxc4 15. dxc4 Ba6 16. Nf4 Rab8 17. Bh3 Bxc4 18. Rc1 Ba6 19. g4 Qb6 20. g5 Nd7
21. Bxd7 Rfd8 22. Ba4 c4 23. Nd5 Qc5 24. h4 c3 25. Nxc3 dxc3 26. Rxc3 Qb4 27. b3 Qxa4 28. Rhc1 Qd7 29. Rc6 Rb6 30. Rc7 Qe6
31. Qa5 Rxb3+ 32. axb3 Qxb3+ 33. Ka1 Rb8 34. Qxa6 Qb2#
0-1

[Event "Green Bay Packers Super Bowl XLV Champ Tourney"]
[Site "SchemingMind.com"]
[Date "2011.03.08"]
[Round "-"]
[White "jtrochez1"]
[Black "pclaxton"]
[Result "1-0"]
[WhiteCountry "HON"]
[BlackCountry "ENG"]
[WhiteElo "1616"]
[WhiteRD "50"]
[BlackElo "1302"]
[BlackRD "53"]
[GameID "277803"]

1. e4 e5 2. Nf3 Nf6 3. d3 Bb4+ 4. c3 Bc5 5. h3 O-O 6. a3 d6 7. Bg5 h6 8. Bh4 b6 9. b4 g5 10. Bg3 Nh5
11. bxc5 Nxg3 12. fxg3 f6 13. cxd6 Qxd6 14. c4 Nc6 15. Qb3 Qc5 16. Nc3 Na5 17. Qa2 Qe3+ 18. Be2 Nxc4 19. Qxc4+ Rf7 20. Rf1 Bd7
21. Nd1 Qc5 22. Qxc5 bxc5 23. Nc3 Rb8 24. Ra2 Be6 25. Rd2 h5 26. Bd1 g4 27. Ng1 Rh7 28. Rxf6 Re8 29. h4 c4 30. dxc4 Bxc4
31. Be2 Bxe2 32. Ngxe2 Rb8 33. Nd5 Rb1+ 34. Kf2 Rb8 35. Ra6 Rb7 36. Nf6+ Kg7 37. Rd7+ Kh8 38. Rxh7#
1-0

[Event "Green Bay Packers Super Bowl XLV Champ Tourney"]
[Site "SchemingMind.com"]
[Date "2011.03.07"]
[Round "-"]
[White "cnile"]
[Black "pclaxton"]
[Result "1-0"]
[WhiteCountry "SCO"]
[BlackCountry "ENG"]
[WhiteElo "1450"]
[WhiteRD "57"]
[BlackElo "1311"]
[BlackRD "56"]
[GameID "277804"]

1. e4 e5 2. Nf3 Nc6 3. d4 d6 4. Bb5 Bd7 5. dxe5 dxe5 6. O-O a6 7. Bc4 Qe7 8. Nc3 O-O-O 9. Ng5 Be6 10. Qe2 Nd4
11. Qd3 Bxc4 12. Qxc4 Nh6 13. Nd5 Qc5 14. Qxc5 Bxc5 15. Nh3 f5 16. Nc3 Nxc2 17. Rb1 Ng4 18. Nd5 c6 19. Nc3 f4 20. Ng5 Rdf8
21. Ne6 Rf7 22. Nxc5 f3 23. gxf3 Rxf3 24. Bg5 b6 25. Nxa6 h6 26. Be7 Re8 27. Bh4 Kb7 28. Rfd1 Kxa6 29. Bg3 c5 30. Rd6 Nd4
31. Rg6 Nf6 32. Rxg7 b5 33. Kg2 Rd3 34. Rg6 Rf8 35. Bxe5 Ka5 36. Bxf6 Ne6 37. Rxh6 Rg8+ 38. Kh1 b4 39. Nd5 Nf8 40. Bd8+ Kb5
41. Rb6+ Ka5 42. Rg6+ Ka4 43. Rxg8 Nd7 44. Rg3 Rd4 45. Nb6+ Nxb6 46. Bxb6 Rxe4 47. Bxc5 b3 48. Rxb3 Rc4 49. Rb4+ Rxb4 50. Bxb4 Kxb4
51. h4
1-0

[Event "Green Bay Packers Super Bowl XLV Champ Tourney"]
[Site "SchemingMind.com"]
[Date "2011.03.10"]
[Round "-"]
[White "Timaeus"]
[Black "pclaxton"]
[Result "1-0"]
[WhiteCountry "JPN"]
[BlackCountry "ENG"]
[WhiteElo "1416"]
[WhiteRD "65"]
[BlackElo "1302"]
[BlackRD "53"]
[GameID "277805"]

1. e4 e5 2. Nf3 Nf6 3. Nxe5 Nxe4 4. Qe2 d5 5. d4 Bd6 6. f3 Qe7 7. fxe4 Bxe5 8. dxe5 Be6 9. exd5 Bxd5 10. Qb5+ Bc6
11. Qd3 Qxe5+ 12. Qe3 Qxe3+ 13. Bxe3 O-O 14. Nd2 Re8 15. Nc4 b5 16. Nd2 Rxe3+ 17. Kf2 Re5 18. Re1 Rf5+ 19. Nf3 Nd7 20. Bd3 Rg5
21. Nxg5 h6 22. Nf3 Rf8 23. Re3 Nc5 24. Rd1 Rd8 25. Bh7+ Kxh7 26. Rxd8 f5 27. Re5 Nb7 28. Rc8 Nd6 29. Rxc7 Ne4+ 30. Ke3 Ba8
31. Rxf5 Nd6 32. Ng5+ Kg6 33. Rf8 Bxg2 34. Rc5 hxg5 35. b3 a6 36. Re5 Bh3 37. Rh8 Bd7 38. h4 gxh4 39. Rxh4 Nf5+ 40. Rxf5 Bxf5
41. c4 Kg5 42. Rd4 g6 43. c5 Bc8 44. c6 Kh5 45. c7 g5 46. Rd8 Be6 47. Ra8 g4 48. Kf2 Kh4 49. Rxa6 g3+ 50. Kg1 Kh3
51. Rxe6 b4 52. c8=Q Kg4 53. Re7+ Kf3 54. Qf8+ Kg4 55. Rg7+ Kh3 56. Qh8#
1-0

[Event "Green Bay Packers Super Bowl XLV Champ Tourney"]
[Site "SchemingMind.com"]
[Date "2011.03.07"]
[Round "-"]
[White "lennart"]
[Black "pclaxton"]
[Result "0-1"]
[WhiteCountry "SWE"]
[BlackCountry "ENG"]
[WhiteElo "1528"]
[WhiteRD "55"]
[BlackElo "1375"]
[BlackRD "60"]
[GameID "277806"]

1. e4 e5 2. Nf3 Nc6 3. Bd3 Nf6 4. O-O d5 5. exd5 Nxd5 6. Re1 f6 7. Bc4 Nb6 8. Bb5 Qd7 9. d4 a6 10. Bxc6 Qxc6
11. dxe5 Bg4 12. exf6+ Kf7 13. Ne5+ Kxf6 14. Nxg4+ Kf5 15. Re5+ Kg6 16. Qd3+ Kf7 17. Qb3+ Nc4 18. Rh5 Re8 19. Ne5+ Rxe5 20. Rxe5 Bd6
21. Re1 Re8 22. Rxe8 Kxe8 23. Nd2 Na5 24. Qe3+ Kd7 25. Qh3+ Kd8 26. c3 h6 27. Nf3 Qd5 28. b3 Qd1+
0-1